| 000 | 00660nam a2200133Ia 4500 | ||
|---|---|---|---|
| 008 | 171212s9999 xx 000 0 und d | ||
| 020 | _a9781925022605 | ||
| 245 |
_ceditor Corbett, Jack;Lal, Brij V _aPolitical Life Writing in the Pacific _bReflections on Practice |
||
| 260 |
_bANU E Press _c2015 |
||
| 440 | _aState, Society and Governance in Melanesia | ||
| 650 | _aHistory | ||
| 650 | _aPoliticians -- Islands of the Pacific -- Biography; Authorship -- Social aspects; Political science -- Social aspects; Research -- Moral and ethical aspects; Islands of the Pacific -- Politics and government -- Biography | ||
| 856 | _uhttp://jstor.org/stable/j.ctt1729vzb | ||
| 999 |
_c351259 _d351259 |
||